| 000 | 00424nam a2200145 4500 | ||
|---|---|---|---|
| 001 | 138399 | ||
| 003 | ES-MaACL | ||
| 007 | t| | ||
| 008 | 070214s1946 xxk r ||||1| eng d | ||
| 100 | 1 |
_aSandford, Christine. _9103087 |
|
| 245 | 1 | 0 |
_aEthiopia under Hailé Selassié / _cby Christine Sandford. |
| 260 |
_aLondon : _bJ. M. Dent, _c1946. |
||
| 300 |
_aVIII, 149 p., 8 lám. ; _c22 cm. |
||
| 852 |
_aES-MaACL _jE-7284 _bR.91912 |
||
| 999 |
_c138399 _d138399 |
||